La enseñanza de la ergonomía en México: (Record no. 21718)
[ view plain ]
| 000 -CABECERA | |
|---|---|
| campo de control de longitud fija | 01023nam a2200241 4500 |
| 003 - IDENTIFICADOR DEL NÚMERO DE CONTROL | |
| campo de control | OSt |
| 005 - FECHA Y HORA DE LA ÚLTIMA TRANSACCIÓN | |
| campo de control | 20260601193848.0 |
| 008 - DATOS DE LONGITUD FIJA--INFORMACIÓN GENERAL | |
| campo de control de longitud fija | 260420b1984 mx a|||| |||| 00| 0 spa d |
| 040 ## - FUENTE DE LA CATALOGACIÓN | |
| Centro catalogador/agencia de origen | ICI |
| Lengua de catalogación | spa |
| Centro/agencia transcriptor | ICI |
| 050 ## - SIGNATURA TOPOGRÁFICA DE LA BIBLIOTECA DEL CONGRESO | |
| Número de clasificación | TA166 |
| Número de documento/Ítem | E58 1984 |
| 100 #1 - ENTRADA PRINCIPAL--NOMBRE DE PERSONA | |
| Nombre de persona | Posgrado en Diseño Industrial UNAM |
| 245 #1 - MENCIÓN DE TÍTULO | |
| Título | La enseñanza de la ergonomía en México: |
| Resto del título | Relación entre ergonomía y diseno gráfico e industrial, UNAM Posgrado en Diseño Industrial México, D.F. 13 y 14 sep. 1984 |
| 264 ## - PRODUCCIÓN, PUBLICACIÓN, DISTRIBUCIÓN, FABRICACIÓN Y COPYRIGHT | |
| Nombre del de productor, editor, distribuidor, fabricante | UNAM |
| Fecha de producción, publicación, distribución, fabricación o copyright | 1984 |
| Producción, publicación, distribución, fabricación y copyright | México |
| 300 ## - DESCRIPCIÓN FÍSICA | |
| Extensión | 180 páginas |
| 336 ## - TIPO DE CONTENIDO | |
| Término de tipo de contenido | texto |
| Fuente | rdacontent |
| 337 ## - TIPO DE MEDIO | |
| Nombre/término del tipo de medio | sin medio |
| Fuente | rdamedia |
| 338 ## - TIPO DE SOPORTE | |
| Nombre/término del tipo de soporte | volumen |
| Fuente | rdacarrier |
| 500 ## - NOTA GENERAL | |
| Nota general | Memoria del evento "la ensenanza de la ergonomia en México / relacion entre ergonomia y diseno grafico e industrial" primer encuentro nacional de los profesores de ergonomia de las varias escuelas de diseno del pais |
| 650 ## - PUNTO DE ACCESO ADICIONAL DE MATERIA--TÉRMINO DE MATERIA | |
| Término de materia o nombre geográfico como elemento de entrada | Ergonomía |
| Subdivisión de forma | Congresos |
| 9 (RLIN) | 31736 |
| 650 ## - PUNTO DE ACCESO ADICIONAL DE MATERIA--TÉRMINO DE MATERIA | |
| Término de materia o nombre geográfico como elemento de entrada | Diseño industrial |
| Subdivisión de forma | Congresos |
| Subdivisión geográfica | Mexico |
| 9 (RLIN) | 31737 |
| 700 ## - PUNTO DE ACCESO ADICIONAL--NOMBRE DE PERSONA | |
| Nombre de persona | Fontoura, Ivens |
| 942 ## - ELEMENTOS DE PUNTO DE ACCESO ADICIONAL (KOHA) | |
| Fuente del sistema de clasificación o colocación | Library of Congress Classification |
| Tipo de ítem Koha | Libros |
| Suprimir en OPAC | 1 |
| Estado de retiro | Estado de pérdida | Fuente del sistema de clasificación o colocación | Estado dañado | No para préstamo | Localización permanente | Ubicación/localización actual | Fecha de adquisición | Total de préstamos | Signatura topográfica completa | Código de barras | Fecha visto por última vez | Número de copia | Precio válido a partir de | Tipo de ítem Koha |
|---|---|---|---|---|---|---|---|---|---|---|---|---|---|---|
| El ejemplar forma parte de la colección y puede ser consultado según las políticas vigentes. | Library of Congress Classification | Biblioteca de Diseño Museo Franz Mayer | Biblioteca de Diseño Museo Franz Mayer | 20/04/2026 | TA166 E58 | BDIMFM000777 | 20/04/2026 | Ej.1 | 20/04/2026 | Libros |